Efektívne vedenie pracovníkov v podniku diplomová práca

Na minha lista:
Detalhes bibliográficos
Autor principal: Hulmanová, Kristína
Autor Corporativo: Fakulta podnikového manažmentu EU. Katedra manažmentu
Outros Autores: Thomasová, Elena
Formato: Livro
Idioma:eslovaco
Publicado em: Bratislava 2009
Tags: Adicionar Tag
Sem tags, seja o primeiro a adicionar uma tag!

MARC

LEADER 00000nam$a2200000$$$4500
001 0101784
005 20240320074927.1
041 0 |a slo 
044 |a SK 
245 1 0 |a Efektívne vedenie pracovníkov v podniku  |b diplomová práca  |c Kristína Hulmanová ; škol. Elena Thomasová 
264 1 |a Bratislava  |c 2009 
300 |a 77 s. 
100 1 |a Hulmanová, Kristína 
700 1 |a Thomasová, Elena 
710 2 |a Fakulta podnikového manažmentu EU. Katedra manažmentu